000 00552nam a2200193Ia 4500
005 20250508154903.0
008 008 250505s9999 xx 000 0 eng d
037 _aTextual
040 _aFEDL
_beng
_cFEDL
041 _aeng
_2eng
084 _a371.3, BRO
_qFEDL
100 _aBrown Thomas J
_9765568
245 0 _aStudent teaching in a secondary school
260 _aNew York, USA
_bHarper and Row Publisher
_c1960
300 _aviii,72p.
650 _aTeaching Techniqe
942 _cTEXL
_h371.3, BRO
999 _c1352624
_d1352624